| 000 | 01830nam a2200361 a 4500 | ||
|---|---|---|---|
| 003 | BLK | ||
| 005 | 20250726114748.0 | ||
| 008 | 180411b bul|||||r ||||||| ||bul|| | ||
| 020 | _a9786191997893 | ||
| 020 | _a3800083831778 | ||
| 040 | _aBLK | ||
| 041 |
_aBUL _cBUL |
||
| 080 |
_aЖелезопътни транспортни средства. Влакове _b629.4 _x:087.5 _z629.4:087.5 |
||
| 080 |
_aИздания за деца и юноши. Книжки-картинки. Читанки. Вж и 372.4 _b087.5 _x:629.4 _z 087.5:629.4 _9231478 |
||
| 100 | 1 |
_aЕрне, Андреа _d1958 - _gНемска писателка, автор на детска литература _967544 |
|
| 245 | 1 | 0 |
_aВлаковете _bЕнциклопедия за най-малките : с повдигащи се капачета на всяка страница _cАндреа Ерне ; ил. Марион Краймейер-Висе ; прев. от нем. Розалина Палазова |
| 260 |
_aСофия _bФют _c2023 _fКитай |
||
| 300 |
_a16 с. : _bс цв. ил. _c20 см |
||
| 380 | _aDN | ||
| 490 |
_9208015 _aПоредица Защо? Какво? Как? _v38 |
||
| 650 | 0 |
_aТранспорт, железопътен _9279351 |
|
| 650 | 7 |
_aВлакове _9150914 |
|
| 650 | 0 |
_aДетска и юношеска литература _9243025 |
|
| 653 |
_9186344 _aенциклопедии |
||
| 700 | 1 |
_aПалазова, Розалина Борилова _gЖурналист. Преводач от немски език. _9105705 |
|
| 765 | _aDer Rettungsfahrzeuge | ||
| 852 |
_aЦб 320173 _bЦб |
||
| 856 |
_i0.00 _ldisable |
||
| 942 |
_cKNG _n0 _s1 _074 |
||
| 944 |
_c2023 _k30552 _lВиолета Тройчева |
||
| 999 |
_c495547 _d495547 |
||
| 999 | _d495547 | ||